Stati per minore Tasso di obesità - Statistics

Statistiche generali
  • Questo quiz è stato fatto 9 volte
  • Il punteggio medio è 9 su 15
Statistiche sulle risposte
Tasso di obesità (%) Continente Nazione % Corretto
4,3 Asia Giappone
100%
3,9 Asia India
100%
4,7 Asia Corea del Sud
88%
5,3 Asia Laos
75%
4,1 Asia Nepal
75%
3,6 Asia Bangladesh
63%
3,9 Asia Cambogia
63%
4,5 Africa Etiopia
63%
2,1 Asia Vietnam
63%
5,0 Africa Eritrea
50%
5,2 Asia Sri Lanka
38%
3,8 Asia Timor Est
38%
5,4 Africa Burundi
25%
5,3 Africa Madagascar
25%
5,3 Africa Uganda
25%
Nessun quiz corrispondente trovato
Distribuzione punteggi
Percentuale di utenti per punteggio
Percentile per numero di risposta
I tuoi punteggi nel tempo
Non hai fatto questo quiz